000 00612nam a22002177a 4500
003 UA-OsUOA
001 53767
007 ta
008 20080418b un ||||| |||| 00| 0 ukr d
100 _aРевенко А.
090 _a330(477)
_bР-12
942 _cSA
040 _aUA-OsUOA
_bukr
_cUA-OsUOA
_dUA-OsUOA
245 _aПродуктивність праці в сучасних умовах
300 _aС.32-38
955 _a0
041 _aukr
080 _a330(477)
773 0 _w53766
_tУкраїна: аспекти праці
_dК.
_d2008
_g2
650 7 _a330 Економіка взагалі
_2UDC
999 _c339861
_d339861